[Event "Ogolnopolska Olimpiada Mlodziezy w Sportach Umyslowych - C12"]
[Site "Walbrzych, Zamek Ksiaz"]
[Date "2013-04-18"]
[Round "8.13"]
[White "Zolkiewski, Jakub"]
[Black "Ochowicz, Jakub"]
[Result "1/2-1/2"]
[WhiteTitle "II"]
[BlackTitle "II"]
[WhiteElo "1489"]
[BlackElo "1597"]

1. d4 Nf6 2. c4 g6 3. Nc3 Bg7 4. e4 d6 5. Nf3 O-O 6. Be2 Nbd7 7. O-O e5 8. d5 Nc5
9. Qc2 a5 10. Bg5 h6 11. Bh4 Bd7 12. b3 b6 13. a3 Qe8 14. b4 axb4 15. axb4 Nb7
16. Qb2 Qe7 17. Ra2 Rxa2 18. Qxa2 Rb8 19. Ra1 g5 20. Bg3 Nh7 21. Ne1 f5 22. f3
fxe4 23. fxe4 Qe8 24. Nd3 Bf8 25. Qa7 Qc8 26. Bf2 Nf6 27. c5 bxc5 28. bxc5 c6
29. Rb1 Ne8 30. dxc6 Bxc6 31. Bg4 Qd8 32. Nb4 Na5 33. Nxc6 Rxb1+ 34. Nxb1 Nxc6
35. Qb7 Qb8 36. Qxb8 Nxb8 37. c6 Nc7 38. Bb6 Nba6 39. Be2 d5 40. Bxa6 Nxa6 41.
c7 Nxc7 42. Bxc7 dxe4 43. Bxe5 Kf7 44. Bd4 h5 45. Kf2 h4 46. h3 Kg6 47. Ke3 Kf5
48. Nc3 g4 49. hxg4+ Kxg4 50. Nxe4 Bh6+ 51. Ke2 Bf4 52. Bf2 h3 1/2-1/2

[Event "Ogolnopolska Olimpiada Mlodziezy w Sportach Umyslowych - C12"]
[Site "Walbrzych, Zamek Ksiaz"]
[Date "2013-04-18"]
[Round "8.14"]
[White "Blocinski, Maciej"]
[Black "Mendak, Mateusz"]
[Result "1/2-1/2"]
[WhiteTitle "II+"]
[BlackTitle "II"]
[WhiteElo "1444"]
[BlackElo "1565"]

1. d4 d5 2. c4 dxc4 3. Nf3 a6 4. a4 Nc6 5. e3 Na5 6. Nc3 Nf6 7. Ne5 e6 8. Nxc4
Nxc4 9. Bxc4 b6 10. O-O Bb7 11. Re1 c5 12. Bb3 Rc8 13. Bc2 Be7 14. Qd2 O-O 15.
Rd1 h6 16. h3 Qd7 17. e4 cxd4 18. Qxd4 Qxd4 19. Rxd4 Bc5 20. Rd2 Bb4 21. Re2 Bxc3
22. bxc3 Rxc3 23. Bb2 Rc4 24. Bd3 Rc7 25. Re3 Nd7 26. Rg3 f6 27. Rc1 Rfc8 28.
Rf1 Kf7 29. Rf3 Nc5 30. a5 bxa5 31. Ra1 a4 32. Bc2 Nxe4 33. Bxa4 Nc5 34. Re3 Nxa4
35. Rxa4 Rc4 36. Ra1 Rb4 37. Re2 Rb3 38. Rd1 Bd5 39. Ra1 Bc4 40. Rc2 Rc6 41. Rac1
Rb4 42. f3 e5 43. Kf2 Bb5 44. Rxc6 Bxc6 45. Bxe5 fxe5 46. Rxc6 Ra4 47. Rc5 e4
48. Rc7+ Kg8 49. fxe4 Rxe4 50. Ra7 Ra4 51. Kg3 a5 52. Kf2 Ra1 53. Kg3 a4 54. Kf2
h5 55. Kg3 Kh7 56. Kf2 a3 57. Kg3 Kh6 58. Kh2 h4 59. Ra5 a2 60. Ra7 g5 61. Ra5
Kg6 62. Ra4 Kf6 63. Ra5 Kg6 64. Ra4 Kf5 65. Ra3 Kf4 66. Ra4+ Ke3 67. Ra8 Kd4 68.
Ra7 Kc5 69. Ra8 Kb6 70. Ra3 Kc6 71. Ra8 Kd6 72. Ra3 Ke6 73. Ra8 Kf7 74. Ra3 Kg6
75. Ra8 Kf5 76. Ra4 Ke5 77. Ra3 Kd6 78. Ra4 Kc6 79. Ra8 Kb7 80. Ra3 Kc6 81. Ra8
Kc5 82. Ra3 Kc4 83. Ra7 Kc3 84. Ra8 Kc2 85. Rc8+ Kb3 86. Rb8+ Kc4 1/2-1/2

[Event "Ogolnopolska Olimpiada Mlodziezy w Sportach Umyslowych - C12"]
[Site "Walbrzych, Zamek Ksiaz"]
[Date "2013-04-18"]
[Round "8.15"]
[White "Polczyk, Mikolaj"]
[Black "Laszczak, Przemyslaw"]
[Result "1-0"]
[WhiteTitle "II+"]
[BlackTitle "II+"]
[WhiteElo "1515"]
[BlackElo "1506"]

1. e4 e6 2. d4 d5 3. Nd2 Nf6 4. e5 Nfd7 5. Bd3 c5 6. c3 Nc6 7. Ne2 Be7 8. O-O O-O
9. f4 f5 10. Nf3 c4 11. Bc2 b5 12. Kh1 a5 13. Rg1 Kh8 14. g4 g6 15. gxf5 gxf5
16. Ng5 Bxg5 17. fxg5 Ne7 18. Nf4 Nb6 19. Qh5 Ra7 20. g6 Nc6 21. gxh7 Rxh7 22.
Ng6+ Kg8 23. Nxf8+ Kxf8 24. Qxh7 Ne7 25. Qh8+ Ng8 26. Qxg8+ Ke7 27. Rg7# 1-0

[Event "Ogolnopolska Olimpiada Mlodziezy w Sportach Umyslowych - C12"]
[Site "Walbrzych, Zamek Ksiaz"]
[Date "2013-04-18"]
[Round "8.16"]
[White "Pacan-milej, Kosma"]
[Black "Raczynski, Krzysztof"]
[Result "0-1"]
[WhiteTitle "II"]
[BlackTitle "II+"]
[WhiteElo "1257"]
[BlackElo "1593"]

1. d4 Nf6 2. c4 c5 3. Nf3 g6 4. Nc3 Bg7 5. e4 cxd4 6. Nxd4 d6 7. Be3 O-O 8. Be2
Nc6 9. O-O Bd7 10. f4 a6 11. f5 Rc8 12. Nb3 Na5 13. Nxa5 Qxa5 14. Rb1 Bc6 15.
b4 Qc7 16. Bd3 Rfd8 17. b5 axb5 18. cxb5 Bd7 19. Na4 Qb8 20. Bb6 Rf8 21. Qb3 e6
22. Be3 Ng4 23. Bb6 Be5 24. g3 gxf5 25. exf5 d5 26. fxe6 Bxe6 27. Bf5 Qd6 28.
Qf3 Rc4 29. Rbc1 Rxa4 30. Bc7 Bd4+ 31. Kh1 Qd7 32. Qxg4+ Kh8 33. Be5+ Bxe5 34.
Bxe6 Rxg4 35. Bxd7 Rd4 36. Be6 Kg7 37. Bc8 b6 38. Bf5 Ra4 39. Bb1 Ra5 40. Bd3
Rxa2 41. Rc6 Rb8 42. Rd1 Rb2 43. Bf1 d4 44. Bc4 f6 45. Kg1 h5 46. Bd3 Kh6 47.
Rcc1 h4 48. Rb1 Rxb1 49. Bxb1 Rg8 50. Rd3 hxg3 51. hxg3 Bxg3 52. Kf1 Be5 53. Kf2
Ra8 54. Rh3+ Kg5 55. Rh7 Ra3 56. Rb7 Rb3 57. Bh7 Rxb5 58. Bd3 Rb3 59. Ke2 Kf4
60. Rh7 b5 61. Rb7 Rb2+ 62. Kd1 Ke3 63. Bxb5 d3 64. Bc6 Rf2 65. Ke1 Bc3+ 0-1

[Event "Ogolnopolska Olimpiada Mlodziezy w Sportach Umyslowych - C12"]
[Site "Walbrzych, Zamek Ksiaz"]
[Date "2013-04-18"]
[Round "8.17"]
[White "Wierzbicki, Michal"]
[Black "Pijewski, Milosz"]
[Result "0-1"]
[WhiteTitle "II"]
[BlackTitle "II"]
[WhiteElo "1405"]
[BlackElo "1516"]

1. d4 Nf6 2. Nf3 e6 3. e3 c5 4. c3 d5 5. Nbd2 Qc7 6. dxc5 Bxc5 7. Nb3 Nbd7 8. Be2
O-O 9. O-O b6 10. h3 Bb7 11. Bd2 Rfd8 12. Rc1 Rac8 13. Re1 h6 14. Nbd4 a6 15.
b4 Be7 16. a4 Ne5 17. Nxe5 Qxe5 18. f4 Qd6 19. Bd3 Ne4 20. Bxe4 dxe4 21. Qg4 f5
22. Qg6 Bd5 23. g4 Rf8 24. g5 hxg5 25. Kf2 Rf6 26. Qh5 Rh6 27. Qd1 gxf4 28. Rh1
f3 29. Be1 Bh4+ 30. Kf1 Bc4+ 31. Kg1 Rg6+ 32. Bg3 Qxg3# 0-1

[Event "Ogolnopolska Olimpiada Mlodziezy w Sportach Umyslowych - C12"]
[Site "Walbrzych, Zamek Ksiaz"]
[Date "2013-04-18"]
[Round "8.18"]
[White "Wyczling, Bartosz"]
[Black "Majocha, Piotr"]
[Result "1-0"]
[WhiteTitle "II+"]
[BlackTitle "II"]
[WhiteElo "1704"]
[BlackElo "1503"]

1. d4 Nf6 2. c4 g6 3. Nc3 d5 4. cxd5 Nxd5 5. e4 Nxc3 6. bxc3 Bg7 7. Nf3 c5 8. Rb1
Nc6 9. d5 Ne5 10. Nxe5 Bxe5 11. Bd2 O-O 12. Bd3 b6 13. O-O Qc7 14. f4 Bg7 15.
c4 Bd7 16. Qc2 Rad8 17. Bc3 Bxc3 18. Qxc3 Rb8 19. e5 a6 20. f5 b5 21. e6 fxe6
22. dxe6 Be8 23. cxb5 axb5 24. fxg6 Rxf1+ 25. Rxf1 hxg6 26. Rf8+ Kxf8 27. Qh8#
1-0

[Event "Ogolnopolska Olimpiada Mlodziezy w Sportach Umyslowych - C12"]
[Site "Walbrzych, Zamek Ksiaz"]
[Date "2013-04-18"]
[Round "8.19"]
[White "Topolan, Pawel"]
[Black "Miszkielo, Bartosz"]
[Result "1/2-1/2"]
[WhiteTitle "II"]
[BlackTitle "II+"]
[WhiteElo "1432"]
[BlackElo "1656"]

1. e4 c5 2. Nf3 Nc6 3. d4 cxd4 4. Nxd4 Nf6 5. Nc3 e5 6. Ndb5 d6 7. Nd5 Nxd5 8.
exd5 Nb8 9. c4 a6 10. Nc3 Be7 11. Bd3 Nd7 12. O-O O-O 13. Qc2 h6 14. Be3 Nf6 15.
f4 Ng4 16. Qe2 Nxe3 17. Qxe3 exf4 18. Qxf4 Bg5 19. Qf2 f5 20. Kh1 Bd7 21. b4 Qf6
22. Ne2 Rae8 23. Ng3 Bh4 24. Qf3 Bxg3 25. Qxg3 g5 26. c5 f4 27. Qf2 Qc3 28. Qc2
Qxb4 29. c6 bxc6 30. dxc6 Bc8 31. Bxa6 Bxa6 32. Qg6+ Kh8 33. Qxh6+ Kg8 34. Qg6+
Kh8 35. Qh6+ Kg8 36. Qg6+ Kh8 37. Qh6+ Kg8 38. Qg6+ 1/2-1/2

[Event "Ogolnopolska Olimpiada Mlodziezy w Sportach Umyslowych - C12"]
[Site "Walbrzych, Zamek Ksiaz"]
[Date "2013-04-18"]
[Round "8.20"]
[White "Gaj, Szymon"]
[Black "Ryk, Mikolaj"]
[Result "1/2-1/2"]
[WhiteTitle "II"]
[BlackTitle "II"]
[WhiteElo "1365"]
[BlackElo "1555"]

1. d4 d5 2. c4 e6 3. Nc3 Be7 4. Bf4 Nf6 5. cxd5 exd5 6. Qc2 c6 7. e3 O-O 8. Bd3
Nbd7 9. Nge2 b6 10. O-O Bb7 11. f3 c5 12. Qd2 c4 13. Bb1 Re8 14. e4 dxe4 15. fxe4
Bb4 16. e5 Nd5 17. Bg5 Be7 18. Bxe7 Qxe7 19. Nxd5 Bxd5 20. Nf4 Bb7 21. Qc2 Nf8
22. Qxc4 Rac8 23. Qd3 Ng6 24. Nxg6 hxg6 25. Bc2 Ba6 26. Qxa6 Rxc2 27. Qd3 Rxb2
28. Rfb1 Qb4 29. a3 Qd2 30. Qxd2 Rxd2 31. Rd1 Rb2 32. Rab1 Ra2 33. Ra1 Rb2 34.
Rac1 a5 35. Rb1 Ra2 36. Rxb6 Rc8 37. Rb3 Rcc2 38. Rg3 Rd2 39. Rxd2 Rxd2 40. Rg4
Ra2 41. Rg3 Rd2 42. Rb3 Rxd4 1/2-1/2

[Event "Ogolnopolska Olimpiada Mlodziezy w Sportach Umyslowych - C12"]
[Site "Walbrzych, Zamek Ksiaz"]
[Date "2013-04-18"]
[Round "8.21"]
[White "Rak, Maciej"]
[Black "Ulatowski, Jakub"]
[Result "1/2-1/2"]
[WhiteTitle "III"]
[BlackTitle "II"]
[WhiteElo "1352"]
[BlackElo "1455"]

1. e4 c5 2. Nf3 d6 3. c3 Nf6 4. h3 Nc6 5. Bd3 e6 6. Bc2 d5 7. exd5 exd5 8. O-O
Be7 9. d4 c4 10. Nbd2 O-O 11. Re1 h6 12. Ne5 Qc7 13. f4 b5 14. Nxc6 Qxc6 15. Rxe7
Be6 16. f5 Qd6 17. fxe6 Qxe7 18. exf7+ Qxf7 19. Nf3 Nd7 20. Bd2 Rae8 21. Qf1 Re6
22. Re1 Ra6 23. a3 Rf6 24. Qe2 a6 25. Ne5 Nxe5 26. Qxe5 Rf2 27. Re2 Rf1+ 28. Kh2
Rf2 29. Rxf2 Qxf2 30. Qe6+ Qf7 31. Qxf7+ Rxf7 32. Kg3 g5 33. Bd1 Kg7 34. Bf3 Rd7
35. h4 gxh4+ 36. Kxh4 Kg6 37. Kg3 Rd6 38. Bf4 Rd8 39. Bd2 Rd6 40. Bf4 Rd8 41.
Bd2 Rd6 1/2-1/2

[Event "Ogolnopolska Olimpiada Mlodziezy w Sportach Umyslowych - C12"]
[Site "Walbrzych, Zamek Ksiaz"]
[Date "2013-04-18"]
[Round "9.1"]
[White "Gumularz, Szymon"]
[Black "Szpar, Milosz"]
[Result "1-0"]
[WhiteTitle "I+"]
[BlackTitle "I"]
[WhiteElo "1903"]
[BlackElo "1717"]

1. d4 Nf6 2. c4 e6 3. Nf3 b6 4. Nc3 Bb7 5. g3 Be7 6. Bg2 O-O 7. O-O d5 8. cxd5
exd5 9. Bf4 Nbd7 10. Rc1 a6 11. Ne5 c5 12. dxc5 Nxc5 13. Nf3 Nfe4 14. Nd4 Qd7
15. Nxe4 dxe4 16. b4 Ne6 17. Nf5 Qe8 18. Nxe7+ Qxe7 19. Bd6 Qg5 20. Bxf8 Rxf8
21. Qd7 Bd5 22. Rfd1 Bxa2 23. Qa4 Bd5 24. Qxa6 Bb3 25. Re1 b5 26. e3 Bc4 27. Rxc4
bxc4 28. Qxc4 Qe5 29. Qxe4 Qb5 30. Ra1 g6 31. Ra8 Qe2 32. Rxf8+ Kxf8 33. h4 Qb2
34. Bf1 Ke7 35. b5 f5 36. Qc6 Qb1 37. b6 Nd8 38. Qc7+ Ke8 39. Kg2 Qe4+ 40. Kh2
Qd5 41. Bg2 Qd2 42. b7 Nxb7 43. Qxb7 Qxf2 44. Qxh7 Qxe3 45. Qxg6+ Ke7 46. Qg5+
Qxg5 47. hxg5 Kf7 48. Kh3 Kg7 49. Kh4 Kg6 50. Bh3 Kf7 51. Bxf5 Kg7 52. Kh5 Kf8
53. Kh6 Kg8 54. g6 1-0

[Event "Ogolnopolska Olimpiada Mlodziezy w Sportach Umyslowych - C12"]
[Site "Walbrzych, Zamek Ksiaz"]
[Date "2013-04-18"]
[Round "9.2"]
[White "Lis, Mateusz"]
[Black "Lukasiewicz, Krzysztof"]
[Result "1/2-1/2"]
[WhiteTitle "II+"]
[BlackTitle "I"]
[WhiteElo "1687"]
[BlackElo "1747"]

1. e4 c6 2. d4 d5 3. e5 c5 4. dxc5 e6 5. Be3 Nc6 6. Bb5 Nge7 7. c3 Nf5 8. Bd4 Bd7
9. Bxc6 Bxc6 10. Nf3 Bb5 11. Na3 Qd7 12. Nxb5 Qxb5 13. Qe2 Qc6 14. b4 b6 15. b5
Qc7 16. c6 a6 17. O-O axb5 18. Qxb5 Nxd4 19. Nxd4 Ra5 20. Qb2 Bc5 21. Nb3 Ra6
22. Nxc5 bxc5 23. Qb5 Rxc6 24. a4 O-O 25. Rfb1 g6 26. a5 Ra8 27. a6 Ra7 28. g3
Qc8 29. Qb7 Qc7 30. Qb5 Qc8 31. Qb7 Qc7 32. Qb5 Qc8 33. Qb7 Qc7 34. Qb5 1/2-1/2

[Event "Ogolnopolska Olimpiada Mlodziezy w Sportach Umyslowych - C12"]
[Site "Walbrzych, Zamek Ksiaz"]
[Date "2013-04-18"]
[Round "9.3"]
[White "Chylewski, Patryk"]
[Black "Psyk, Radoslaw"]
[Result "0-1"]
[WhiteTitle "I"]
[BlackTitle "I"]
[WhiteElo "1729"]
[BlackElo "1782"]

1. e4 e5 2. Nf3 Nf6 3. Nxe5 d6 4. Nf3 Nxe4 5. Nc3 Nxc3 6. dxc3 Bf5 7. Be3 Be7 8.
Qd2 O-O 9. O-O-O c6 10. Be2 Qa5 11. Kb1 b5 12. Rdg1 Be6 13. b3 c5 14. Bg5 Nc6
15. g4 Rab8 16. Bxe7 Nxe7 17. c4 Qa3 18. cxb5 c4 19. Nd4 Bd5 20. f3 Rfc8 21. Qc1
Qa5 22. Rd1 a6 23. Nf5 cxb3 24. Nxe7+ Kf8 25. axb3 Bxb3 26. cxb3 Rxc1+ 27. Rxc1
Kxe7 28. Rhe1 Kf8 29. Kb2 axb5 30. Red1 b4 31. Rd2 Qe5+ 32. Kc2 Rc8+ 33. Bc4 d5
0-1

[Event "Ogolnopolska Olimpiada Mlodziezy w Sportach Umyslowych - C12"]
[Site "Walbrzych, Zamek Ksiaz"]
[Date "2013-04-18"]
[Round "9.4"]
[White "Kosakowski, Jakub"]
[Black "Pytel, Maciej"]
[Result "1-0"]
[WhiteTitle "I"]
[BlackTitle "II"]
[WhiteElo "1754"]
[BlackElo "1616"]

1. e4 c5 2. Nf3 e6 3. d4 cxd4 4. Nxd4 Nc6 5. Nc3 Qc7 6. Be3 a6 7. Qd2 b5 8. O-O-O
Bb7 9. f3 Nf6 10. g4 h6 11. Be2 Nxd4 12. Bxd4 Bc6 13. h4 b4 14. Nb1 e5 15. Bf2
Qa5 16. Bc4 Rc8 17. Qd3 d6 18. Bxa6 Rc7 19. Bc4 Be7 20. Nd2 Kd7 21. Nb3 Qa8 22.
Rhe1 Rhc8 23. Bb6 Bxe4 24. Bb5+ Ke6 25. fxe4 Rxc2+ 26. Kb1 g6 27. Qf3 Nh7 28.
Nd4+ 1-0

[Event "Ogolnopolska Olimpiada Mlodziezy w Sportach Umyslowych - C12"]
[Site "Walbrzych, Zamek Ksiaz"]
[Date "2013-04-18"]
[Round "9.5"]
[White "Woloch, Oskar"]
[Black "Kowalski, Igor"]
[Result "1/2-1/2"]
[WhiteTitle "II"]
[BlackTitle "I"]
[WhiteElo "1706"]
[BlackElo "1824"]

1. e4 c5 2. b3 e6 3. Bb2 b6 4. d3 Bb7 5. f4 Nf6 6. Nd2 Be7 7. Ngf3 O-O 8. g3 d5
9. Qe2 Nc6 10. a3 Qd7 11. Bg2 Rad8 12. O-O d4 13. h3 Qc7 14. Nh2 e5 15. f5 h6
16. g4 Nh7 17. Ndf3 Ra8 18. h4 Qd8 19. Qf2 a5 20. a4 f6 21. Rfb1 Ba6 22. Bf1 Nb4
23. Ba3 Rc8 24. Rb2 Qe8 25. h5 Qd7 26. Nd2 Ra8 27. Bxb4 cxb4 28. Nc4 Qc6 29. Rba2
Bc5 30. Nf3 Rfe8 31. Kh2 Nf8 32. Nfd2 Nd7 33. Qe1 Bf8 34. Qd1 Nc5 35. Kh3 Nd7
36. Kh2 Nc5 37. Kh3 Nd7 38. Kg3 Nc5 39. Kh2 Nd7 40. Kh3 Nc5 1/2-1/2

[Event "Ogolnopolska Olimpiada Mlodziezy w Sportach Umyslowych - C12"]
[Site "Walbrzych, Zamek Ksiaz"]
[Date "2013-04-18"]
[Round "9.6"]
[White "Sernecki, Franciszek"]
[Black "Pultorak, Jan"]
[Result "0-1"]
[WhiteTitle "II+"]
[BlackTitle "I"]
[WhiteElo "1696"]
[BlackElo "1803"]

1. d4 Nf6 2. Nf3 e6 3. c4 b6 4. g3 Bb7 5. Bg2 Bb4+ 6. Bd2 Bxd2+ 7. Nbxd2 O-O 8.
O-O d6 9. Qc2 Nbd7 10. Rfd1 Re8 11. Ne1 Bxg2 12. Kxg2 e5 13. d5 e4 14. e3 Qe7
15. b4 Qe5 16. Rac1 Qh5 17. h3 a5 18. a3 a4 19. Rb1 Qf5 20. Rbc1 g5 21. Ra1 h5
22. Rac1 Kg7 23. Qb2 Ne5 24. Qd4 h4 25. g4 Nexg4 26. hxg4 h3+ 27. Kg3 Qxg4+ 28.
Kh2 Qh4 29. f3 Qf2+ 30. Kh1 exf3 31. Ndxf3 Re4 32. Qd2 Qf1+ 33. Kh2 Ng4+ 34. Kg3
h2 35. Nd3 h1=N# 0-1

[Event "Ogolnopolska Olimpiada Mlodziezy w Sportach Umyslowych - C12"]
[Site "Walbrzych, Zamek Ksiaz"]
[Date "2013-04-18"]
[Round "9.7"]
[White "Szymanowski, Igor"]
[Black "Poplawski, Maciej"]
[Result "1-0"]
[WhiteTitle "II"]
[BlackTitle "II"]
[WhiteElo "1654"]
[BlackElo "1605"]

1. e4 Nc6 2. d4 d5 3. exd5 Qxd5 4. Nf3 Bg4 5. c3 O-O-O 6. Be2 Nf6 7. O-O h5 8.
c4 Qf5 9. Bd3 Qd7 10. d5 Nd4 11. Be2 Nxe2+ 12. Qxe2 e6 13. dxe6 Qxe6 14. Qxe6+
Bxe6 15. b3 Ne4 16. Bb2 f6 17. Re1 Bb4 18. Nc3 Nxc3 19. Rxe6 Rhe8 20. Re3 Rxe3
21. fxe3 Ne4 22. a3 Bd2 23. Bd4 Bc3 24. Rc1 Bxd4 25. exd4 Kd7 26. d5 Nc5 27. b4
Nd3 28. Rc3 Nf4 29. Kf2 Re8 30. g3 Ng6 31. Re3 Re7 32. Rxe7+ Kxe7 33. Ke3 Nf8
34. Nd4 Kd7 35. c5 g6 36. Ke4 a6 37. a4 b6 38. Nc6 bxc5 39. bxc5 Ke8 40. Nb8 a5
41. c6 Ke7 42. Na6 Kd6 43. Kd4 Nh7 44. Nc5 f5 45. Nb7+ Ke7 46. Nxa5 Nf6 47. Nb7
Ng4 48. a5 Nxh2 49. a6 f4 50. a7 fxg3 51. a8=Q Nf3+ 52. Ke3 g2 53. Qd8+ Kf7 54.
Qxc7+ Kg8 55. Qg3 1-0

[Event "Ogolnopolska Olimpiada Mlodziezy w Sportach Umyslowych - C12"]
[Site "Walbrzych, Zamek Ksiaz"]
[Date "2013-04-18"]
[Round "9.8"]
[White "Tustanowski, Mateusz"]
[Black "Kawaler, Adam"]
[Result "0-1"]
[WhiteTitle "II+"]
[BlackTitle "II+"]
[WhiteElo "1602"]
[BlackElo "1633"]

1. e4 c5 2. Nc3 Nc6 3. f4 g6 4. Nf3 Bg7 5. Bc4 d6 6. a3 Nf6 7. d3 O-O 8. O-O e6
9. Qe1 d5 10. Ba2 Nd4 11. Nxd4 cxd4 12. Nd1 dxe4 13. dxe4 b6 14. Bc4 Bb7 15. Nf2
Qc7 16. Bd3 Rfe8 17. e5 Qc6 18. Ne4 Nxe4 19. Qe2 a6 20. b4 Nc3 21. Qg4 Nd5 22.
Rf3 Qc3 23. Rb1 Ne3 24. Rxe3 dxe3 25. Bxe3 Be4 0-1

[Event "Ogolnopolska Olimpiada Mlodziezy w Sportach Umyslowych - C12"]
[Site "Walbrzych, Zamek Ksiaz"]
[Date "2013-04-18"]
[Round "9.9"]
[White "Kokoszczynski, Jan"]
[Black "Kubiak, Jakub"]
[Result "1/2-1/2"]
[WhiteTitle "II"]
[BlackTitle "II+"]
[WhiteElo "1623"]
[BlackElo "1492"]

1. d4 Nf6 2. c4 g6 3. Nc3 Bg7 4. e4 d6 5. Be2 O-O 6. f4 c5 7. Nf3 Bg4 8. Be3 Nbd7
9. d5 Nb6 10. Qd3 e6 11. h3 Bxf3 12. Bxf3 exd5 13. cxd5 Re8 14. O-O a6 15. Kh1
Qc7 16. Rad1 Nbd7 17. a4 Rab8 18. g4 Nf8 19. Rc1 Qb6 20. Rb1 N6d7 21. b4 c4 22.
Qd2 Qc7 23. Bd4 b5 24. Bxg7 Kxg7 25. Qd4+ Kg8 26. a5 Ra8 27. Rbd1 Qa7 28. Qxa7
Rxa7 29. Rfe1 f6 30. h4 h6 31. Kg2 g5 32. h5 gxf4 33. Ne2 Ne5 34. Nd4 Nd3 35.
Re2 Nxb4 36. Nf5 Rd8 37. Nxh6+ Kh7 38. Nf5 Rc7 39. e5 fxe5 40. g5 c3 41. g6+ Nxg6
42. hxg6+ Kxg6 43. Be4 Kf6 44. Kf3 c2 45. Rc1 Nxd5 46. Rh2 b4 47. Rg1 1/2-1/2

[Event "Ogolnopolska Olimpiada Mlodziezy w Sportach Umyslowych - C12"]
[Site "Walbrzych, Zamek Ksiaz"]
[Date "2013-04-18"]
[Round "9.10"]
[White "Pijewski, Milosz"]
[Black "Garbowski, Jakub"]
[Result "0-1"]
[WhiteTitle "II"]
[BlackTitle "II+"]
[WhiteElo "1516"]
[BlackElo "1687"]

1. d4 Nf6 2. c4 g6 3. Nc3 d5 4. cxd5 Nxd5 5. e4 Nxc3 6. bxc3 Bg7 7. Bc4 c5 8. Be3
Qa5 9. Qd2 O-O 10. Ne2 Rd8 11. Rd1 Nc6 12. O-O a6 13. Bd5 Bd7 14. Bg5 Qc7 15.
Bh6 e6 16. Bxg7 Kxg7 17. Bxc6 Bxc6 18. Qe3 Bb5 19. f4 Bxe2 20. Qxe2 Rac8 21. f5
exf5 22. exf5 f6 23. fxg6 hxg6 24. Qe6 Rd6 25. Qe4 Rcd8 26. Rfe1 Qf7 27. Rd2 cxd4
28. cxd4 R8d7 29. Rb1 Qd5 30. Qxd5 Rxd5 31. Rbd1 f5 32. Kf2 Kf6 33. Kf3 g5 34.
h3 b5 35. Rd3 a5 36. R1d2 b4 37. a3 Rb7 38. Rb3 Rdb5 39. Rdb2 Ke6 40. Ke3 Kd5
41. Kd3 f4 42. Rb1 Re7 43. Kd2 Re4 44. axb4 Rxd4+ 45. Ke2 Rbxb4 46. Rxb4 axb4
47. Kf3 Kc4 48. Kg4 Rd5 49. h4 gxh4 50. Kxf4 b3 51. Ke3 Rg5 52. Rc1+ Kb4 0-1

[Event "Ogolnopolska Olimpiada Mlodziezy w Sportach Umyslowych - C12"]
[Site "Walbrzych, Zamek Ksiaz"]
[Date "2013-04-18"]
[Round "9.11"]
[White "Muzyka, Dominik"]
[Black "Posluszny, Tomasz"]
[Result "1-0"]
[WhiteTitle "II"]
[BlackTitle "II"]
[WhiteElo "1610"]
[BlackElo "1516"]

1. e4 e5 2. Nf3 Nc6 3. Bb5 a6 4. Ba4 Nf6 5. O-O b5 6. Bb3 Be7 7. Re1 d6 8. c3 Bg4
9. h3 Bh5 10. d3 O-O 11. Nbd2 Na5 12. Bc2 c5 13. Nf1 Qd7 14. Ne3 Bg6 15. g4 h5
16. Nh4 hxg4 17. hxg4 Bh7 18. Nhf5 g6 19. Nxe7+ Qxe7 20. g5 Nd7 21. Nd5 Qd8 22.
Qg4 Ra7 23. Qh4 Kh8 24. Kg2 Rg8 25. Rh1 Rg7 26. Nf6 Nf8 27. Be3 Ne6 28. Qxh7+
Rxh7 29. Rxh7# 1-0

[Event "Ogolnopolska Olimpiada Mlodziezy w Sportach Umyslowych - C12"]
[Site "Walbrzych, Zamek Ksiaz"]
[Date "2013-04-18"]
[Round "9.12"]
[White "Ochowicz, Jakub"]
[Black "Polczyk, Mikolaj"]
[Result "1-0"]
[WhiteTitle "II"]
[BlackTitle "II+"]
[WhiteElo "1597"]
[BlackElo "1515"]

1. e4 Nf6 2. e5 Nd5 3. d4 d6 4. exd6 cxd6 5. c4 Nb6 6. Nc3 g6 7. Nf3 Bg7 8. h3
O-O 9. Be2 Nc6 10. O-O e5 11. d5 Ne7 12. Be3 Nf5 13. Rc1 Nxe3 14. fxe3 f5 15.
e4 Bh6 16. Rc2 Be3+ 17. Kh1 f4 18. Ng1 Nd7 19. Bg4 Nf6 20. Bxc8 Rxc8 21. b3 Rf7
22. Nf3 Nh5 23. Kh2 Ng3 24. Re1 Qf6 25. Qd3 g5 26. Ne2 g4 27. Nfg1 Bf2 28. Rec1
Qg6 29. Nxg3 fxg3+ 30. Kh1 Rcf8 31. b4 Bxg1 32. Kxg1 gxh3 33. gxh3 Rf3 34. Qe2
R8f4 35. Re1 Rf2 36. Qd3 R4f3 37. Qd1 Qh6 38. Ree2 Rf1+ 39. Qxf1 Rxf1+ 40. Kxf1
Qxh3+ 41. Kg1 h5 42. c5 Qd7 43. c6 Qc7 44. a4 h4 45. Kg2 Kg7 46. Kh3 bxc6 47.
dxc6 Kf6 48. Kxh4 Qg7 49. c7 Qg5+ 50. Kh3 Qh6+ 51. Kxg3 Qf4+ 52. Kg2 Qg4+ 53.
Kf2 Qh4+ 54. Ke3 Qg5+ 55. Kd3 Qg1 56. Rf2+ Ke7 57. c8=Q Qd1+ 58. Kc4 d5+ 59. Kb5
a6+ 60. Kxa6 Qd3+ 61. Ka5 1-0

[Event "Ogolnopolska Olimpiada Mlodziezy w Sportach Umyslowych - C12"]
[Site "Walbrzych, Zamek Ksiaz"]
[Date "2013-04-18"]
[Round "9.13"]
[White "Raczynski, Krzysztof"]
[Black "Blocinski, Maciej"]
[Result "1/2-1/2"]
[WhiteTitle "II+"]
[BlackTitle "II+"]
[WhiteElo "1593"]
[BlackElo "1444"]

1. e4 e5 2. f4 d5 3. exd5 e4 4. d3 Nf6 5. Nc3 Bb4 6. Bd2 e3 7. Bxe3 O-O 8. Bd2
Re8+ 9. Be2 Bg4 10. h3 Bxe2 11. Ngxe2 Bxc3 12. bxc3 Nxd5 13. O-O Qe7 14. Nd4 Qc5
15. Kh1 Nxc3 16. Nb3 Qc6 17. Bxc3 Qxc3 18. Qd2 Qxd2 19. Nxd2 Nc6 20. Ne4 f5 21.
Ng5 Re2 22. c3 h6 23. Nf3 Re3 24. Ne1 Rae8 25. Rc1 Re2 26. Nc2 Rd2 27. Rfd1 Rxd1+
28. Rxd1 Re2 29. Rc1 Rf2 30. Ne3 Rxa2 31. Nd5 Rf2 32. Kg1 Rb2 33. Nxc7 a5 34.
Ra1 Rb3 35. Nd5 b5 36. d4 a4 37. Kf2 Rb2+ 38. Kf3 Rb3 39. Kf2 Na5 40. g4 fxg4
41. hxg4 a3 42. Ke3 Nc4+ 43. Ke4 Rb2 44. Nb4 Nd2+ 45. Kd5 Nb1 46. Kc5 Kf7 47.
d5 Ke7 48. Kc6 Nxc3 49. d6+ Ke6 50. d7 Rd2 51. Re1+ Kf7 52. Nc2 Nd5 53. d8=N+
Kg6 54. Nxa3 Nxf4 55. Re4 1/2-1/2

[Event "Ogolnopolska Olimpiada Mlodziezy w Sportach Umyslowych - C12"]
[Site "Walbrzych, Zamek Ksiaz"]
[Date "2013-04-18"]
[Round "9.14"]
[White "Mendak, Mateusz"]
[Black "Zolkiewski, Jakub"]
[Result "1/2-1/2"]
[WhiteTitle "II"]
[BlackTitle "II"]
[WhiteElo "1565"]
[BlackElo "1489"]

1. e4 c5 2. Nf3 e6 3. d4 cxd4 4. Nxd4 a6 5. c4 Nf6 6. Nc3 Qc7 7. a3 Be7 8. Be2
O-O 9. O-O b6 10. Be3 Bb7 11. f3 Bd6 12. h3 Nh5 13. Bf2 Nc6 14. Nxc6 Bxc6 15.
Bd3 Bg3 16. Bxg3 Qxg3 17. Ne2 Qc7 18. b4 Nf6 19. Rc1 Rac8 20. Qd2 Qb8 21. c5 b5
22. Bb1 Rfd8 23. Qb2 Qa7 24. Kh1 Qb7 25. Rfd1 Ra8 26. Qc2 g6 27. Qd2 Ne8 28. Qc3
Qc7 29. g4 a5 30. Rd2 Ra7 31. Ra2 Rda8 32. Rcc2 Qb7 33. Kg2 Ra6 34. e5 Nc7 35.
Ng1 Nd5 36. Qd4 axb4 37. axb4 Ra3 38. Rxa3 Rxa3 39. Rb2 Qa8 40. Be4 1/2-1/2

[Event "Ogolnopolska Olimpiada Mlodziezy w Sportach Umyslowych - C12"]
[Site "Walbrzych, Zamek Ksiaz"]
[Date "2013-04-18"]
[Round "9.15"]
[White "Dabrowski, Damian"]
[Black "Wyczling, Bartosz"]
[Result "0-1"]
[WhiteTitle "II"]
[BlackTitle "II+"]
[WhiteElo "1589"]
[BlackElo "1704"]

1. e4 c5 2. Nf3 d6 3. d4 cxd4 4. Nxd4 Nf6 5. Nc3 a6 6. Bg5 e6 7. f4 Be7 8. Qf3
Nbd7 9. O-O-O Qc7 10. g4 h6 11. Bxf6 Bxf6 12. h4 Qb6 13. Nb3 Be7 14. g5 hxg5 15.
fxg5 Ne5 16. Qg2 Bd7 17. Nd4 O-O-O 18. Be2 g6 19. Kb1 Kb8 20. Qf2 Qc7 21. Qf4
Rh7 22. Nf3 Nc4 23. Bxc4 Qxc4 24. Rd4 Qc7 25. e5 d5 26. Nd1 Rc8 27. Rh2 Bb5 28.
Ne3 a5 29. Rd1 a4 30. Qd4 a3 31. b3 Bc5 32. Qd2 Be7 33. Ng4 Qc3 34. Qxc3 Rxc3
35. Nd4 Ba6 36. Nf6 Rh8 37. Re1 Kc7 38. Ng4 Rh5 39. Rhh1 Bc5 40. Ne2 Rf3 41. Kc1
Kd8 42. Kd1 Ke7 43. Kd2 Bb4+ 44. c3 Bxe2 45. Rxe2 Bxc3+ 46. Kc1 Bb2+ 47. Kc2 d4
48. Rd2 Rg3 49. Nf6 Rh8 50. Kb1 Rxg5 51. hxg5 Rxh1+ 52. Kc2 0-1